| 000 | 01538nam a2200337 a 4500 | ||
|---|---|---|---|
| 001 | BRCA_2951 | ||
| 005 | 20190320204037.0 | ||
| 008 | 161208s1872----gw-a---###---#000-0#ger-u | ||
| 041 | _ager | ||
| 044 | _agw | ||
| 084 |
_a295 _b.S23 _c1872 |
||
| 100 | 1 |
_aCervantes Saavedra, Miguel de _d1547-1616 _9213 |
|
| 245 | 1 | 0 |
_aLeben und Thaten des scharfsinnigen Edlen Don Quixote von La Mancha _cvon Miguel de Cervantes Saavedra. |
| 260 |
_aBerlín _bA. Sacco : L. W. Schmidt _c1872 |
||
| 300 |
_a2 v. _bil. _c36 cm. |
||
| 500 | _aContenido : v 1. Primera parte. Prólogo del autor. Texto. -- v 2. Segunda parte. Prólogo del autor. Texto | ||
| 500 | _aEdición : Ueberstzt von Ludwig Tieck | ||
| 500 | _aReimpresión de la traducción de L. Tieck, publicada en 1868-69, por la misma Casa editorial. Lujosamente impresa e ilustrada con los dibujos de Gustavo Doré. Tela; lomeras y cubiertas decoradas con motivos quijotescos y adornos dorados Lúdovik Osterc | ||
| 500 | _aInclue índice : De ilustraciones | ||
| 500 | _aQM529 | ||
| 546 | _aTexto en : alemán | ||
| 650 | 1 | 4 |
_aNovela española _yÉpoca clásica, 1500-1700 _9215 |
| 650 | 1 | 4 |
_aLiteratura española _yÉpoca clásica, 1500-1700 _9216 |
| 650 | 1 | 4 |
_aNovela española _ySiglo XVII _9217 |
| 650 | 1 | 4 |
_aDon Quijote (Personaje ficticio) _eNovela _9218 |
| 700 | 1 |
_aDoré, Paul Gustave _d1832-1883 _eIlustrador _98204 |
|
| 700 | 1 |
_aTieck, Johann Ludwig _d1773-1853 _eTraductor _98205 |
|
| 740 | 0 | _aEl Ingenioso Hidalgo Don Quijote de la Mancha | |
| 902 | _aQFM | ||
| 942 |
_2lcc _cB |
||
| 999 |
_c2690 _d2690 |
||